Pokédex Einträge (Gen1) - Statistiken

Allgemein
  • Dieses Quiz wurde 62 mal gespielt
  • Das Durchschnittsergebnis liegt bei 9 aus 15
Antwortstatistiken
Frage Antwort % Korrekt
Stört man dieses Pokémon beim Mienenspiel, so schlägt es mit seinen großen Händen um sich. Pantimos
100%
Dieses Pokémon nutzt den Zweig einer Zwiebel als Waffe. Es setzt ihn wie ein Schwert ein. Porenta
100%
... versetzt Gegner in den Schlaf und frisst deren Träume. Von Alpträumen wird ihm aber übel. Traumato
100%
Ein legendäres Vogel-Pokémon, das im Sturzflug aus den Wolken bricht und Blitze schleudert. Zapdos
100%
Dieses Pokémon lebt einen Meter unter der Erde. Es frisst Wurzeln und kommt selten an die Oberfläche. Digda
80%
Sieht ... seinen Gegner, so stürmt er wutschnaubend los und benutzt seine Schweife als Peitschen. Tauros
80%
Im Herbst, zur Paarungszeit, sieht man diese Pokémon kraftvoll Bäche und Flüsse hinaufschwimmen. Golking
60%
Dieses Pokémon verbringt den Tag unter der Erde. Nachts wandert es umher und sät Samen aus. Myrapla
60%
Dieses Pokémon zieht kraftvolle Attacke dem Einsatz seines relativ kleinen Gifthorns vor. Nidorina
60%
Dieses Pokémon vermag mit seinen mächtigen Kneifzangen Gegner zu zermalmen. Pinsir
60%
Der Kern dieses Pokémon leuchtet in den Farben des Regenbogens. Sein Kern gilt als Edelstein. Starmie
60%
Dieses Pokémon trägt ein wunderschönes Fell. Es ist obendrein schnell und sehr wendig. Arkani
40%
Wenn dieses Pokémon in Eile ist, werden seine Beine länger. Es läuft mit weiten Schritten. Kicklee
20%
Ein feenhaftes und scheues Pokémon, das sofort die Flucht ergreift, wenn es Menschen wittert. Pixi
20%
Dieses Pokémon verteidigt sein abgegrenztes Areal sorgsam gegen alle Eindringlinge. Tauboga
0%
Keine übereinstimmenden Quizze gefunden
Verteilung der Resultate
Anzahl Personen mit jedem Resultat
Perzentil nach korrekt beantworteten Fragen
Ihre Resultats-Entwicklung
Sie haben dieses Quiz noch nicht gespielt